|
|
|
|
| LEADER |
00000nab a2200000 ar4500 |
| 001 |
vtls008943638 |
| 003 |
SK-MaSNL |
| 005 |
20260303070922.0 |
| 008 |
070207c2006 xo dr|p|||||||000 b|slo |
| 015 |
|
|
|a SNBRB2007/02
|2 snkbucl
|
| 038 |
|
|
|a SNKBUCL
|
| 040 |
|
|
|a SNKBUCL
|b slo
|c SNKBUCL
|e AACR2
|
| 041 |
|
|
|a slo
|
| 044 |
|
|
|a xo
|c SK
|
| 080 |
|
|
|a 796.332.093.1
|x (100)
|2 2001
|
| 100 |
1 |
|
|a Jurkovič, Vojtech
|4 aut
|9 555660
|
| 245 |
1 |
0 |
|a Taliansko je štvrtýkrát majstrom sveta
|c Vojtech Jurkovič
|
| 300 |
|
|
|b Fotogr.
|
| 611 |
2 |
7 |
|a Majstrovstvá sveta vo futbale
|n (18. :
|d 2006 :
|c Nemecko)
|2 snkbucl
|9 402118
|
| 773 |
0 |
|
|t Sme. Práca
|g Roč. 15, č. 159 (12.7.2006), s. 11-13
|x 1335-440X
|
| 852 |
|
|
|a SNK
|b KIS3GCP
|
| 958 |
|
|
|a DE
|
| 999 |
|
|
|c 1757525
|d 1759455
|